| 000 | 00982pam a2200289 a 4500 | ||
|---|---|---|---|
| 999 |
_c527626 _d527626 |
||
| 001 | 4851064 | ||
| 003 | NUST | ||
| 005 | 20190802071640.0 | ||
| 008 | 910416s1992 maua b 001 0 eng | ||
| 010 | _a 91015912 | ||
| 020 | _a0201183587 | ||
| 038 | _aSMME | ||
| 040 |
_aDLC _cDLC _dDLC |
||
| 050 | 0 | 0 |
_aTA357 _b.G46 1992 |
| 082 | 0 | 0 |
_a620.106 _220 _bGER |
| 100 | 1 |
_aGerhart, Philip M. _918976 |
|
| 245 | 1 | 0 |
_aFundamentals of fluid mechanics / _cPhilip M. Gerhart, Richard J. Gross, John I. Hochstein. |
| 260 |
_aReading, Mass. : _bWiley, _c2017 |
||
| 300 |
_axx, 983 p. : _bill. (some col.) ; _c25 cm. |
||
| 504 | _aIncludes bibliographical references and index. | ||
| 650 | 0 |
_aFluid mechanics. _91678 |
|
| 700 | 1 |
_aGross, Richard J. _918977 |
|
| 700 | 1 |
_aHochstein, John I. _918978 |
|
| 906 |
_a7 _bcbc _corignew _d1 _eocip _f19 _gy-gencatlg |
||
| 942 |
_2ddc _cBK |
||